<?xml version="1.0" encoding="UTF-8"?>
<record
    xmlns:xsi="http://www.w3.org/2001/XMLSchema-instance"
    xsi:schemaLocation="http://www.loc.gov/MARC21/slim http://www.loc.gov/standards/marcxml/schema/MARC21slim.xsd"
    xmlns="http://www.loc.gov/MARC21/slim">

  <leader>02015nam a2200325 i 4500</leader>
  <controlfield tag="001">000000341</controlfield>
  <controlfield tag="003">DO-SdBPM</controlfield>
  <controlfield tag="005">20251028114239.0</controlfield>
  <controlfield tag="007">ta</controlfield>
  <controlfield tag="008">081112s2007    dr ac   r     001 0 spa d</controlfield>
  <datafield tag="020" ind1=" " ind2=" ">
    <subfield code="a">9789993456148</subfield>
  </datafield>
  <datafield tag="040" ind1=" " ind2=" ">
    <subfield code="a">DO-SdBPM</subfield>
    <subfield code="b">spa</subfield>
    <subfield code="c">BPMSU </subfield>
    <subfield code="e">rda</subfield>
  </datafield>
  <datafield tag="041" ind1=" " ind2=" ">
    <subfield code="a">spa</subfield>
  </datafield>
  <datafield tag="082" ind1=" " ind2="4">
    <subfield code="a">796.357</subfield>
    <subfield code="b">G146L 2007</subfield>
    <subfield code="2">22</subfield>
  </datafield>
  <datafield tag="100" ind1="1" ind2=" ">
    <subfield code="a">Gal&#xE1;n, Bismar,</subfield>
    <subfield code="d">1961-</subfield>
    <subfield code="e">autor</subfield>
    <subfield code="4">aut.</subfield>
  </datafield>
  <datafield tag="245" ind1="1" ind2="3">
    <subfield code="a">El Licey :</subfield>
    <subfield code="b">un siglo de identidad y fanatismo /</subfield>
    <subfield code="c">Bismar Gal&#xE1;n.</subfield>
  </datafield>
  <datafield tag="264" ind1=" " ind2=" ">
    <subfield code="a">Santo Domingo, Republica Dominicana :</subfield>
    <subfield code="b">Editora Norma,</subfield>
    <subfield code="c">2007.</subfield>
  </datafield>
  <datafield tag="300" ind1=" " ind2=" ">
    <subfield code="a">172 p&#xE1;ginas :</subfield>
    <subfield code="b">ilustraciones, retratos ;</subfield>
    <subfield code="c">22 cm.</subfield>
  </datafield>
  <datafield tag="336" ind1=" " ind2=" ">
    <subfield code="a">texto</subfield>
    <subfield code="b">txt</subfield>
    <subfield code="2">rdacontent </subfield>
  </datafield>
  <datafield tag="337" ind1=" " ind2=" ">
    <subfield code="a">sin mediaci&#xF3;n </subfield>
    <subfield code="b">n</subfield>
    <subfield code="2">rdamedia </subfield>
  </datafield>
  <datafield tag="338" ind1=" " ind2=" ">
    <subfield code="a">volumen  </subfield>
    <subfield code="b">nc</subfield>
    <subfield code="2">rdacarrier </subfield>
  </datafield>
  <datafield tag="504" ind1=" " ind2=" ">
    <subfield code="a">Incluye referencias bibliogr&#xE1;ficas y notas al pie de las p&#xE1;ginas</subfield>
  </datafield>
  <datafield tag="505" ind1="0" ind2=" ">
    <subfield code="a">A modo de introducci&#xF3;n -- La magia de un siglo -- El Licey en el juego de las identidades -- El Licey como medio de riqueza social -- Huellas del tigre -- Del nacimiento -- Personajes: fundadores, jugadores -- Mostrando garras -- Coronas azules -- Los Citychamps: Tigres contra Leones -- En series nacionales y del Caribe --El Licey en grandes ligas -- Simbolismo lice&#xED;sta -- Confines de una met&#xE1;fora: "tigres azules" -- &#xBF;Por qu&#xE9; tigres? -- Del lapisl&#xE1;zuli al "Azul Licey" -- Otras creaciones y recreaciones -- La fanaticada azul -- "Ser lice&#xED;sta, &#xBF;es sufrir? -- Otros porqu&#xE9;s del lice&#xED;smo -- Fan&#xE1;ticos c&#xE9;lebres -- El lice&#xED;smo, &#xBF;ideolog&#xED;a o fe? -- Los "tigresitos" del Licey -- Las "tigresas". Del sufrimiento al gozo -- Fan&#xE1;ticos y vida comercial -- Fan&#xE1;ticos y vida comercial -- Pintamos el malec&#xF3;n de azul -- Del play al plato y un sancocho azul -- Loas al Licey.</subfield>
  </datafield>
  <datafield tag="586" ind1=" " ind2=" ">
    <subfield code="a">Segundo premio concurso "Juan Bosch" - SEDEFIR 2006</subfield>
  </datafield>
  <datafield tag="590" ind1=" " ind2=" ">
    <subfield code="a">Inventariado, 2025/VM</subfield>
  </datafield>
  <datafield tag="650" ind1=" " ind2="7">
    <subfield code="a">B&#xE9;isbol</subfield>
    <subfield code="z">Rep&#xFA;blica Dominicana</subfield>
    <subfield code="x">Historia</subfield>
  </datafield>
  <datafield tag="650" ind1=" " ind2="7">
    <subfield code="a">Deportes</subfield>
    <subfield code="z">Rep&#xFA;blica Dominicana</subfield>
    <subfield code="x">Historia</subfield>
  </datafield>
  <datafield tag="910" ind1=" " ind2=" ">
    <subfield code="a">VMateo V. Control de calidad. BPMSU </subfield>
  </datafield>
  <datafield tag="942" ind1=" " ind2=" ">
    <subfield code="2">ddc</subfield>
    <subfield code="c">BK</subfield>
  </datafield>
  <datafield tag="952" ind1=" " ind2=" ">
    <subfield code="0">0</subfield>
    <subfield code="1">0</subfield>
    <subfield code="2">ddc</subfield>
    <subfield code="7">0</subfield>
    <subfield code="8">CD</subfield>
    <subfield code="a">BPMET</subfield>
    <subfield code="b">BPMET</subfield>
    <subfield code="d">2022-06-14</subfield>
    <subfield code="e">Belgica Fern&#xE1;ndez </subfield>
    <subfield code="l">0</subfield>
    <subfield code="o">BPMSU CD 796.357 G146L 2007</subfield>
    <subfield code="p">BPMSU25100113</subfield>
    <subfield code="r">2022-06-14</subfield>
    <subfield code="w">2022-06-14</subfield>
    <subfield code="y">BK</subfield>
  </datafield>
  <datafield tag="952" ind1=" " ind2=" ">
    <subfield code="0">0</subfield>
    <subfield code="1">0</subfield>
    <subfield code="2">ddc</subfield>
    <subfield code="7">0</subfield>
    <subfield code="8">CD</subfield>
    <subfield code="a">BPMET</subfield>
    <subfield code="b">BPMET</subfield>
    <subfield code="d">2022-06-14</subfield>
    <subfield code="e">Belgica Fern&#xE1;ndez </subfield>
    <subfield code="l">0</subfield>
    <subfield code="o">BPMSU CD 796.357 G146L 2007</subfield>
    <subfield code="p">BPMSU26020096</subfield>
    <subfield code="r">2026-02-16</subfield>
    <subfield code="t">e.2</subfield>
    <subfield code="w">2022-06-14</subfield>
    <subfield code="y">BK</subfield>
  </datafield>
  <datafield tag="999" ind1=" " ind2=" ">
    <subfield code="c">14232</subfield>
    <subfield code="d">14232</subfield>
  </datafield>
</record>
